Manual de liturgia

Spremljeno u:
Bibliografski detalji
Autor kompanije: Consejo Episcopal Latinoamericano (Autor)
Format: Knjiga
Jezik:španjolski
Izdano: Bogotá Consejo Episcopal Latinoamericano 2015
Izdanje:1a. ed
Serija:Textos para Seminarios
Teme:
Oznake: Dodaj oznaku
Bez oznaka, Budi prvi tko označuje ovaj zapis!

MARC

LEADER 00000cam a2200000 a 4500
001 UCD7484
003 CL-VaPUC
008 170326e20150000ck |||||||||||||||||spa|d
020 |a 9586254445c 
020 |a 9789586257895v.5 
020 |a 9789586258036v.6 
082 0 4 |a 264.02  |b CON  |2 21 
110 2 |a Consejo Episcopal Latinoamericano  |e author  |9 591505 
245 1 0 |a Manual de liturgia 
250 |a 1a. ed 
300 |a v 
942 |c BK 
945 |d 20170326 03:36:00  |a arojas 
260 |a Bogotá  |b Consejo Episcopal Latinoamericano  |c 2015 
500 |a v.4: Instituciones y praenotandas de los libros litúrgicos. Sagrada Congregación para el Culto Divino y la Disciplina de los Sagramentos 
500 |a v.5: Documentación post conciliar latinoamericana 
650 7 |a LITURGIA  |2 CL-VaPUC  |9 591506 
650 0 |a Ceremonias  |9 337653 
650 0 |a Textos sagrados   |9 257605 
583 |a last modification  |c 20170329 08:45:59  |k Rodrigo Vera 
490 0 |a Textos para Seminarios 
999 |c 367500  |d 367498 
952 |0 0  |1 0  |3 erb  |4 0  |6 264_020000000000000_CON_2015  |7 0  |8 A  |9 482411  |a BIBTEO  |b BIBTEO  |h v.5  |i 5368421  |o 264.02 CON 2015  |p 5368421  |r 2025-01-17  |w 2019-11-24  |y BK  |z Catalogado en:20170326  |k ICR 
952 |0 0  |1 0  |3 erb  |4 0  |6 264_020000000000000_CON_2015  |7 0  |8 A  |9 482412  |a BIBTEO  |b BIBTEO  |h v.6  |i 5368448  |o 264.02 CON 2015  |p 5368448  |r 2025-01-17  |w 2019-11-24  |y BK  |z Catalogado en:20170326  |k ICR 
952 |0 0  |1 0  |3 cd  |4 0  |6 264_020000000000000_CON_2015  |7 0  |8 A  |9 482413  |a BIBTEO  |b BIBTEO  |i 536843K  |o 264.02 CON 2015  |p 536843K  |r 2019-11-24  |w 2019-11-24  |y BK  |z Catalogado en:20170422  |k ICR